000 00512 a2200181 4500
003 OSt
005 20240207143832.0
008 240207b |||||||| |||| 00| 0 eng d
020 _a97893955251577
040 _coclc
082 _a894.8129
_bMUN/A
100 _aMuneer, M K
_91782
245 _aAnubhavam orma yathra /
_c M K Muneer
250 _a4rth ed.
260 _aKozhikode:
_bOlive Publications,
_c2022.
300 _a233p.
942 _2ddc
_h894.8129
_cBK
_iMUN/A
_k894.8129
_mMUN/A
999 _c44361
_d44361